The Small Business Handbook/ (Record no. 6666)

000 -LEADER
fixed length control field 00622nam a22001697a 4500
008 - FIXED-LENGTH DATA ELEMENTS--GENERAL INFORMATION
fixed length control field 150928b xxu||||| |||| 00| 0 eng d
020 ## - INTERNATIONAL STANDARD BOOK NUMBER
International Standard Book Number 0138143447
050 ## - LIBRARY OF CONGRESS CALL NUMBER
Classification number REF HD 62.7 .B84 1988
100 ## - MAIN ENTRY--PERSONAL NAME
Personal name Burstiner Irving
Dates associated with a name 1988
245 ## - TITLE STATEMENT
Title The Small Business Handbook/
Remainder of title A Comprehensive Guide To Starting and Running Your Own Business
260 ## - PUBLICATION, DISTRIBUTION, ETC. (IMPRINT)
Place of publication, distribution, etc. New York
Name of publisher, distributor, etc. Prentice Hall Press
Date of publication, distribution, etc. 1988
300 ## - PHYSICAL DESCRIPTION
Extent xi, 356p. ;
Other physical details ill.
Dimensions 27cm
650 ## - SUBJECT ADDED ENTRY--TOPICAL TERM
Topical term or geographic name as entry element Small Business- Management
650 ## - SUBJECT ADDED ENTRY--TOPICAL TERM
Topical term or geographic name as entry element Small Business- Handbooks, manuals
760 ## - MAIN SERIES ENTRY
Edition Revised ed
942 ## - ADDED ENTRY ELEMENTS (KOHA)
Source of classification or shelving scheme
Koha item type Reference Material
Classification part REF HD 62.7 .B84 1988
Holdings
Withdrawn status Lost status Source of classification or shelving scheme Damaged status Not for loan Home library Current library Shelving location Date acquired Source of acquisition Total Checkouts Full call number Barcode Date last seen Price effective from Koha item type
          MACHAKOS UNIVERSITY LIBRARY MACHAKOS UNIVERSITY LIBRARY Special Collection 28/09/2015 DONATION (BFA)   REF HD 62.7 .B84 1988 11387 05/06/2019 28/09/2015 Special Collection
© Machakos University Library, Along The Highway, Machakos Wote Rd, Machakos, Kenya P.O. Box 136 - 90100 Machakos - Kenya

Tel: ( +254 ) 723 805829 OR Fax : 044-20353 OR Email: library@mksu.ac.ke